Normal view
MARC view
Entry Término temático
001 - NÚMERO DE CONTROL
- campo de control: 30808
003 - IDENTIFICADOR DEL NÚMERO DE CONTROL
- campo de control: FranzMayer
005 - FECHA Y HORA DE LA ÚLTIMA TRANSACCIÓN
- campo de control: 20260530113847.0
008 - DATOS DE LONGITUD FIJA
- campo de control de longitud fija: 260530|| aca||aabn | a|a d
040 ## - FUENTE DE LA CATALOGACIÓN
- Centro catalogador/agencia de origen: FranzMayer
- Centro/agencia transcriptor: FranzMayer
150 ## - ENCABEZAMIENTO--TÉRMINO DE MATERIA
- Término de materia o nombre geográfico como elemento de entrada: Artes industriales
- Subdivisión general: Historia
670 ## - FUENTE DE DATOS ENCONTRADOS
- Cita de la fuente: Work cat.: (FranzMayer)11320: Giedion, S. 1888-1968, autor (Sigfried), 30805, La mecanizacion toma el mando /, 2006.